LEADER 01111nam a2200265 a 4500 001 991001670449707536 008 030611s2003 it 000 0 ita d 020 $a8804511656 035 $ab12180440-39ule_inst 040 $aDip.to di Scienze Storiche Filosofiche e Geografiche$bita 082 0 $a263 100 1 $aCox, Harvey Gallagher$0159210 245 13$aLe feste degli ebrei :$bil viaggio di un teologo cristiano attraverso l'anno liturgico ebraico /$cHarvey Cox 260 $aMilano :$bMondadori,$c2003 300 $a350 p. ;$c23 cm. 650 4$aDigiuni e festini$xEbraismo 650 4$aCristianesimo e altre religioni$xEbraismo 650 4$aEbraismo$xRelazioni$xCristianesimo 740 02$aCommon prayers :$bfaith, family, and a Christian's journey through the Jewish year /$cHarvey Cox 907 $a.b12180440$b21-09-06$c11-06-03 912 $a991001670449707536 945 $aLE009 Stor. 79.1-711$g1$i2009000097896$lle009$o-$pE0.00$q-$rl$s- $t0$u6$v4$w6$x0$y.i12550656$z21-07-03 996 $aFeste degli ebrei$9146123 997 $aUNISALENTO 998 $ale009$b11-06-03$cm$da $e-$fita$git $h0$i1 LEADER 00465nas0 2200181 i 450 001 TO00369670 005 20251003044405.0 100 $a20130827a19969999||||0itac50 ba 102 $ait 110 $abzu ||||||| 200 1 $aAnthropologica 210 $aTorino$cUTET libreria. 801 3$aIT$bIT-000000$c20130827 850 $aIT-BN0095 $aIT-NA0079 912 $aTO00369670 977 $a 01$a BN$a IS 996 $aAnthropologica$91117184 997 $aUNISANNIO